000
00325nam a2200121Ia 4500
008
180117s9999 xx 000 0 und d
100
_a
by Mary ANgela s Barlongay
245
_a
Bulacan in Philippine History
260
_c
2017
300
_a
14-16 pages, 2017 February 5
440
_a
Philippine Panorama
650
_a
BULACAN
999
_c
353463
_d
353463